Botticelli

Guardat en:
Dades bibliogràfiques
Autor principal: Bettini, Sergio (Autor)
Format: Llibre
Idioma:italià
Publicat: Bérgamo Istituto Italiano D'arti Grafiche 1942
Matèries:
Etiquetes: Afegir etiqueta
Sense etiquetes, Sigues el primer a etiquetar aquest registre!

MARC

LEADER 00000nam a2200000 a 4500
001 UCT3712
003 CL-VaPUC
008 961024e19420000IT |||||||||||||||||ita|d
082 0 4 |a 759.03  |b BET  |2 21 
100 0 |a Bettini, Sergio  |e author  |9 372703 
245 1 0 |a Botticelli 
300 |a 144 p 
942 |c BK 
945 |d 19961024 00:00:00  |a nastorga 
260 |a Bérgamo  |b Istituto Italiano D'arti Grafiche  |c 1942 
600 0 7 |a BOTTICELLI, SANDRO  |2 CL-VaPUC  |9 342252 
650 7 |a PINTURA ITALIANA SIGLO 15  |2 CL-VaPUC  |9 342338 
650 0 |a Pintores italianos  |9 265277 
650 0 |a Renacimiento  |9 255107 
650 0 |a Obras de arte  |9 337253 
651 0 |a Italia  |9 254949 
583 |a last modification  |c 20160810 05:24:32  |k Rodrigo Vera 
999 |c 253268  |d 253266 
952 |0 0  |1 0  |4 0  |6 759_030000000000000_BET_1942  |7 0  |8 P  |9 273940  |a BIBARQ  |b BIBARQ  |d 2019-11-19  |i 3245446  |o 759.03 BET 1942  |p 3245446  |r 2025-01-20  |w 2019-11-19  |y BK  |k ARQ